000
00272nam a22001097a 4500
008
170118b xxu||||| |||| 00| 0 eng d
020
_a
9781884585777
041
_a
eng
080
_2
4TH
_a
618.2
245
_a
A CROSS SECTION TO NURSING RESEARCH
_c
PETEVA, R.J
942
_2
udc
_c
BK
999
_c
3051
_d
3051